Which U.S. City Between These Two? - Statistics

General Stats
  • This quiz has been taken 36 times
  • The average score is 8 of 15
Answer Stats
Question Answer % Correct
Which city has a greater city proper population? Phoenix
91%
Which city has a higher percentage of people claiming Polish descent? Chicago
78%
Which city has colder average low temperatures in January? Chicago
78%
Which city has the metropolitan area with the higher per capita income? Washington
72%
Which city has hotter average high temperatures in July? Oklahoma City
69%
Which city calls it a "hoagie" instead of a "sub"? Philadelphia
69%
Which city has a Republican mayor? Miami
63%
Which city has a higher altitude? Atlanta
47%
Which city has a higher cost of living? Nashville
47%
Which city has a higher murder rate in its city proper? Boston
44%
Which city has a greater metropolitan area population? Sacramento
41%
Which city gets more annual precipitation? New York
25%
Which city has the county with the higher life expectancy? Los Angeles
22%
Which city has the higher robbery rate within the city proper? San Francisco
22%
Which city has the metropolitan area with the higher robbery rate? Seattle
13%
No matching quizzes found
Score Distribution
Percent of People with Each Score
Percentile by Number Answered
Your Score History
You have not taken this quiz